000 00808nam a2200229 a 4500
001 49134
003 BD-RjUL
005 20211209054635.0
008 160817s1993 BG a|||| |||| 00| 0 ben d
020 _c:TK. 35.00
035 _a(BD-RjUL)49253
040 _aBD-RjUL
_bben
_cBD-RjUL
041 _aben
082 _223
_a891.443
_bSAM 1993
100 1 _a সাগর, সিরাজুল ইসলাম
_9147749
245 1 0 _aমুক্তিযুদ্ধে আতোরালি /
_cসিরাজুল ইসলাম সাগর
260 _aঢাকা :
_bআগামী প্রকাশনী,
_c১৯৯৩
300 _a৫৬ পৃ. ;
_c২১ সেমি.
650 _aবাংলা উপন্যাস
_9147674
650 _aBengali Fiction
_9147702
942 _2ddc
_cBK
999 _c49134
_d49134